[Event "ch-USA 2025"]
[Site "Saint Louis USA"]
[Date "2025.10.20"]
[Round "8.2"]
[White "Caruana, F."]
[Black "Robson, R."]
[Result "1/2-1/2"]
[WhiteElo "2789"]
[BlackElo "2664"]
[PlyCount "134"]
[EventDate "2025.10.12"]

1. c4 e6 2. Nc3 d5 3. d4 Nf6 4. cxd5 exd5 5. Bg5 c6 6. e3 Bf5 7. Qf3 Bg6 8. Bxf6 Qxf6 9. Qxf6 gxf6 10. h4 Nd7 11. h5 Bf5 12. Kd2 ({RR} 12. Nge2 Bd6 13. f4 h6 14. Ng3 Bh7 15. Rd1 Nb6 16. a3 Kd7 17. Kf2 f5 18. Bd3 Ke6 19. Rc1 a5 20. Nf1 a4 21. Nd2 Nd7 22. Bc2 b5 23. Nf3 Nb6 24. Ne1 Nc4 25. Nd3 Rae8 26. Bb1 Kd7 {Nakamura,H (2787)-Naiditsch,A (2709) Tromsoe 2014 ½-½ (51)}) ({RR} 12. Nf3 a5 13. Nh4 Be6 14. Bd3 Nb6 15. f3 a4 16. a3 Nc4 17. Bxc4 dxc4 18. g4 Be7 19. Ne4 Rg8 20. Kd2 Ra5 21. Rag1 Rb5 22. Kc2 Rb3 23. Nc3 b5 24. e4 Bd8 25. d5 Bd7 26. Rd1 c5 {Maghsoodloo,P (2697)-Rasulov,V (2525) chess.com INT 2025 1-0 (53)}) ({RR} 12. Nge2 Bd6 13. f4 h6 14. Ng3 Bh7 15. Rd1 Nb6 16. a3 Kd7 17. Kf2 f5 18. Bd3 Ke6 19. Rc1 a5 20. Nf1 a4 21. Nd2 Nd7 22. Bc2 b5 23. Nf3 Nb6 24. Ne1 Nc4 25. Nd3 Rae8 26. Bb1 Kd7 {Nakamura,H (2787)-Naiditsch,A (2709) Tromsoe 2014 ½-½ (51)}) 12... Be6 $146 ({RR} 12... Nb6 13. b3 Nc8 14. Nge2 Nd6 15. Ng3 Be6 16. Bd3 f5 17. f3 Rg8 18. Nce2 Bh6 19. Rag1 O-O-O 20. Nf1 Rg7 21. Ke1 Re8 22. Kf2 Bd7 23. g3 f6 24. Nf4 Rge7 25. Rg2 Kb8 26. Rhh2 Bc8 27. Kg1 {Graw,C (2184)-Schaffarczyk,A (2119) Germany 2016 0-1 (69)}) ({RR} 12... Rg8 13. g3 Be6 14. Bd3 f5 15. Nge2 Nf6 16. Nf4 Bd6 17. Rh3 Rg5 18. Rah1 Ke7 19. f3 Rag8 20. Nce2 Bd7 21. Ke1 Kd8 22. Kf2 h6 23. Bc2 Re8 24. Rh4 Re7 25. Ng2 Re8 26. Ngf4 Reg8 27. R4h2 {Agrest,E (2545)-Nickoloff,B (2410) Elista 1998 ½-½ (58)}) ({RR} 12... h6 13. Bd3 Be6 14. Nge2 Nb6 15. b3 a5 16. Ng3 a4 17. Nf5 Bb4 18. Kc2 Bxf5 19. Bxf5 axb3+ 20. axb3 Bxc3 21. Kxc3 Ke7 22. Kb4 Kd6 23. g4 Rhb8 24. Rhc1 Rxa1 25. Rxa1 Na8 26. Ra7 Nc7 27. Bd3 {Sarana,A (2668)-Nguyen Ngoc Truong Son (2600) chess.com INT 2026 ½-½ (80)}) 13. Bd3 f5 14. Nge2 Nf6 15. f3 Rg8 16. Nf4 h6 17. Ke2 Bd6 18. Kf2 Ke7 19. Nce2 a5 20. a4 Rg5 21. Bc2 Rag8 22. Rag1 Rh8 23. Rh2 Rhg8 24. Rgh1 Rc8 25. Nc1 Nd7 26. Rd1 Rgg8 27. Rhh1 Nf6 28. Ncd3 Rg5 29. Rb1 b6 30. Nc1 Rcg8 31. Nce2 Kd7 32. Bd3 Kc7 33. Rh2 Bd7 34. Rbh1 Kb7 35. Bc2 Kc7 36. Rh3 Kd8 37. Ng3 Bc8 38. b3 Kc7 39. Rg1 Rxg3 40. Rxg3 Rxg3 41. Kxg3 Nxh5+ 42. Kf2 Nxf4 43. exf4 Bxf4 44. g3 Bg5 45. f4 Bf6 46. Ke3 c5 47. dxc5 bxc5 48. Rh1 Bc3 49. Rxh6 Be6 50. Ke2 Kd8 51. Rh5 d4 52. g4 fxg4 53. Rxc5 Ke7 54. Rb5 Kd6 55. Rg5 f5 56. Bxf5 Bxb3 57. Rxg4 Bxa4 58. Rg6+ Kc5 59. Bd3 Bb3 60. Ra6 a4 61. f5 Bb2 62. f6 a3 63. Bb1 d3+ 64. Kd2 Kd4 65. Rd6+ Kc5 66. Ra6 Kd4 67. Rd6+ Kc5 1/2-1/2

[Event "Norway Chess 2024"]
[Site "Stavanger, Norway"]
[Date "2024.06.03"]
[Round "14.1"]
[White "Nakamura, Hikaru"]
[Black "Carlsen, Magnus"]
[Result "1-0"]
[WhiteElo "2794"]
[BlackElo "2830"]
[Annotator "Stockfish 16.1 - Chessbase"]
[PlyCount "101"]
[EventDate "2024.??.??"]

1. d4 {[%eval 17,0]} Nf6 {[%eval 17,0]} 2. c4 {[%eval 21,0]} e6 {[%eval 21,0]} 3. Nc3 {[%eval 18,0]} d5 {[%eval 23,0]} 4. cxd5 {[%eval 35,0]} exd5 {[%eval 36,0]} 5. Bg5 {[%eval 24,0]} Be7 {[%eval 25,0]} 6. e3 {[%eval 22,0]} h6 {[%eval 21,0]} 7. Bh4 {[%eval 23,0]} Bg4 {[%eval 39,0]} 8. f3 {[%eval 24,0]} Be6 {[%eval 32,0]} 9. Bd3 {[%eval 2,0]} c5 {[%eval 25,0]} 10. Nge2 {[%eval 17,0]} Nc6 {[%eval 24,0]} 11. O-O {[%eval 26,0]} O-O {[%eval 21,0]} 12. Re1 $146 {[%eval 17,0]} ({RR} 12. Rc1 cxd4 13. exd4 Rc8 14. a3 Re8 15. Na4 Nh5 16. Bf2 Bg5 17. Rc3 Nf4 18. Nxf4 Bxf4 19. Nc5 Rc7 20. Bb5 Bc8 21. Qa4 Qd6 22. g3 Bd2 23. Rc2 Be3 24. Bxc6 Bxf2+ 25. Rfxf2 Qxc6 26. Qxc6 Rxc6 {1-0 Janssen,R (2499)-Levin,F (2431) TCh-BEL 2023-24 Belgium BEL (11.3)}) ({RR} 12. Bf2 Rc8 13. Qd2 a6 14. Rad1 b5 15. dxc5 Bxc5 16. Nd4 Qb6 17. Nxc6 Rxc6 18. Ne2 Re8 19. Nd4 Rc7 20. Bb1 Rce7 21. Qd3 g6 22. Nb3 Bd6 23. Nd4 Bc5 24. Rc1 Nd7 25. Bg3 Bxd4 26. Qxd4 Qxd4 {1-0 Krush,I (2430)-Kurmangaliyeva,L (2261) World Blitz Women 2023 Samarkand UZB (3.43)}) ({RR} 12. dxc5 Bxc5 13. Bf2 Re8 14. Qd2 Rc8 15. Rac1 a6 16. Rfd1 Ba7 17. Bb1 Qa5 18. Nf4 Rcd8 19. Nxe6 Rxe6 20. Re1 Qb4 21. a3 Qe7 22. Ba2 Re5 23. Rcd1 d4 24. exd4 Bxd4 25. Bxd4 Rxd4 26. Qf2 Rxd1 {Tang,A (2527)-Stanojevic,I (2193) chess.com INT 2024 1-0 (55)}) ({RR} 12. Bf2 cxd4 13. exd4 Bd6 14. Bh4 Re8 15. Rc1 Rc8 16. Bb1 Be7 17. Qd3 g6 18. Qd1 Qd7 19. Qd2 Kg7 20. Bc2 Na5 21. Ba4 Nc6 22. Bf2 a6 23. Nf4 b5 24. Bb3 Na5 25. Rce1 Bd6 26. Bh4 Nxb3 {Abdusattorov,N (2777)-Nihal,S (2676) Tashkent UZB 2024 ½-½ (42)}) ({RR} 12. Bf2 cxd4 13. exd4 Re8 14. Re1 Bd6 15. Qd2 a6 16. Rad1 Qc7 17. Bg3 Bxg3 18. hxg3 Re7 19. Rc1 Rae8 20. Kf2 Qd6 21. Qf4 Qxf4 22. gxf4 Bd7 23. f5 b5 24. g4 Re3 25. Red1 b4 26. Nb1 Na5 {Wallace,J (2346)-Evenshaug,A (2220) Bergen NOR 2026 1-0 (57)}) 12... Re8 {[%eval 17,0]} 13. Bc2 {[%eval 2,0]} Rc8 {[%eval 22,0]} 14. Nf4 {[%eval 27,0]} cxd4 {[%eval 66,0]} 15. Nxe6 {[%eval 6,0]} fxe6 {[%eval 63,0]} 16. exd4 {[%eval 75,0]} Nxd4 {[%eval 73,0]} 17. Bg6 {[%eval 64,0]} Rf8 {[%eval 68,0]} 18. Bf2 {[%eval 65,0]} Nc6 {[%eval 78,0]} 19. Rxe6 {[%eval 75,0]} d4 {[%eval 72,0]} 20. Ne2 {[%eval 71,0]} Bc5 $6 {[%eval 133,0] Inaccuracy. Nd5 was best.} (20... Nd5) 21. Nf4 {[%eval 85,0]} Nd5 $6 {[%eval 200,0] Inaccuracy. Bd6 was best.} (21... Bd6 22. Bg3) 22. Qb3 {[%eval 207,0]} Nxf4 {[%eval 203,0]} 23. Rd6+ {[%eval 201,0]} Kh8 {[%eval 214,0]} 24. Rxd8 {[%eval 200,0]} Rcxd8 {[%eval 207,0]} 25. Qxb7 {[%eval 213,0]} Ne5 {[%eval 202,0]} 26. Be4 {[%eval 109,0]} Bb6 {[%eval 209,0]} 27. a4 {[%eval 233,0]} Nc4 {[%eval 262,0]} 28. Qa6 {[%eval 253,0]} Nd2 {[%eval 254,0]} 29. a5 {[%eval 204,0]} Bc5 $6 {[%eval 319,0] Inaccuracy. Nxe4 was best.} (29... Nxe4 30. axb6 Nxf2 31. bxa7 N2d3 32. b4 Ra8 33. b5 Rfe8 34. b6 Re2 35. Rf1) 30. Bb7 {[%eval 271,0]} Nb3 {[%eval 326,0]} 31. Rd1 {[%eval 318,0]} d3 {[%eval 351,0]} 32. Bxc5 {[%eval 367,0]} Nxc5 {[%eval 355,0]} 33. Qxa7 {[%eval 338,0]} Nxb7 {[%eval 359,0]} 34. Qxb7 {[%eval 365,0]} Rfe8 {[%eval 347,0]} 35. g3 {[%eval 383,0]} d2 {[%eval 338,0]} 36. Qb4 $4 {[%eval 4,0] Blunder. Kf1 was best.} (36. Kf1 Nd5 37. Rxd2 Ne3+ 38. Ke1 Ng2+ 39. Kd1 Re1+ 40. Kc2 Ne3+ 41. Kc3 Rc1+) 36... Rd4 {[%eval 56,0]} 37. Qxd2 {[%eval 63,0]} Rxd2 {[%eval 6,0]} 38. Rxd2 {[%eval 68,0]} Ne6 {[%eval 67,0]} 39. b4 $6 {[%eval 1,0] Inaccuracy. Re2 was best.} (39. Re2 Kg8 40. f4 g6 41. b4 Kf7 42. b5 Rb8 43. Rb2 Nc5 44. Kg2 Ke7) 39... Kg8 $6 {[%eval 87,0] Inaccuracy. Rb8 was best.} (39... Rb8 40. Rb2 Nd4 41. b5 Ra8 42. b6 Nc6 43. b7 Rxa5 44. Kf2 Kg8 45. Rb6) 40. b5 {[%eval 77,0]} Ra8 {[%eval 87,0]} 41. Ra2 {[%eval 68,0]} Kf7 {[%eval 78,0]} 42. Kf2 {[%eval 5,0]} Ke7 {[%eval 46,0]} 43. b6 {[%eval 19,0]} Nc5 {[%eval 2,0]} 44. Ke3 {[%eval 23,0]} Kd6 {[%eval 24,0]} 45. Kf4 {[%eval 24,0]} g6 {[%eval 25,0]} 46. h4 {[%eval 35,0]} Kd5 {[%eval 51,0]} 47. Kg4 {[%eval 51,0]} Kc6 {[%eval 51,0]} 48. h5 {[%eval 58,0]} Rg8 {[%eval 64,0]} 49. Rc2 {[%eval 14,0]} Kb5 {[%eval 23,0]} 50. hxg6 {[%eval 17,0]} Rxg6+ {[%eval 26,0]} 51. Kh5 {[%eval 2,0]} 1-0

[Event "Gashimov Memorial 2nd"]
[Site "Shamkir"]
[Date "2015.04.19"]
[Round "3"]
[White "So, Wesley"]
[Black "Adams, Michael"]
[Result "1-0"]
[WhiteElo "2788"]
[BlackElo "2745"]
[Annotator "So,Wesley"]
[PlyCount "89"]
[EventDate "2015.04.17"]
[EventType "tourn"]
[EventRounds "9"]
[EventCountry "AZE"]
[EventCategory "21"]
[SourceTitle "CBM 166"]
[Source "ChessBase"]
[SourceDate "2015.05.11"]
[SourceVersion "1"]
[SourceVersionDate "2015.05.11"]
[SourceQuality "1"]

{I knew this game was going to be tough as Michael is an extremely good technical player besides having a very solid repertoire.} 1. d4 {Hillarp Persson,Tiger Hillarp Persson,Tiger} Nf6 2. c4 e6 3. Nc3 d5 {I was expecting the Nimzo-Indian. This move 3...d5 has been very popular recently though.} 4. cxd5 ({RR} 4. Nf3 Be7 5. Bf4) ({RR} 4. Bg5 Be7 5. Nf3 h6 6. Bh4 ({RR} 6. Bxf6 Bxf6) 6... O-O 7. e3 Ne4 8. Bxe7 Qxe7 9. Rc1 c6) 4... exd5 5. Bg5 c6 ({RR} 5... Be7 6. e3 Bf5 7. Bxf6 Bxf6 8. Qb3) ({RR} 5... Bb4 6. e3 ({RR} 6. Qb3) 6... h6 7. Bh4 g5 8. Bg3 Ne4 9. Nge2 ({RR} 9. Qa4+ Nc6) 9... h5 10. h4 ({RR} 10. Qb3 Nc6 11. h4 Nxg3 12. Nxg3 gxh4 13. Nge2) 10... Nxg3 11. Nxg3 gxh4 12. Nxh5 c6 13. Qf3 ({RR} 13. a3 Bd6 14. g4 hxg3 15. Qf3 Be6 16. e4 Nd7 17. exd5 cxd5 18. Nf6+ Qxf6 19. Qxf6 Rxh1 20. Qf3 gxf2+ 21. Qxf2 a6)) 6. e3 h6 ({I thought Michael would play the ending} 6... Bf5 7. Qf3 Bg6 8. Bxf6 Qxf6 9. Qxf6 gxf6 {Black has very solid results here. In fact Kramnik is the main supporter of this line. It looks like the Berlin Defence of 1.d4. Black has the bishop pair to compensate for his damaged pawn structure just like in the Berlin ending.}) ({RR} 6... Be7 7. Bd3 Nbd7 8. Nge2 h6) ({RR} 6... Bf5 7. Qf3 Bg6 8. Bxf6 Qxf6 9. Qxf6 gxf6) ({RR} 6... Be7 7. Bd3 Nbd7 8. Nge2 Nf8 9. O-O Ne6 10. Bh4 O-O) 7. Bh4 Be7 8. Bd3 ({RR} 8. Qc2 Nbd7 9. Bd3 Nh5 10. Bxe7 Qxe7 11. O-O-O Nb6 12. h3 Be6 13. Nf3 Nf6 14. Kb1 O-O-O 15. Nd2 Kb8 16. Nb3 Rhe8 17. f3 Nfd7 18. Rhe1 Rc8 19. Rc1) 8... Nbd7 9. f3 {This move came to me only during the game. I had several ideas how to play this position but I didn't want to allow Black to exchange the dark bishops with ...h5. I wanted to avoid exchanges and keep as many pieces on the board as possible.} (9. Nge2 Nh5 ({RR} 9... Nh5 10. Bxe7 Qxe7 11. Qd2) ({RR} 9... Ne4 10. Bxe7 Nxc3 ({RR} 10... Qxe7 11. Bxe4 dxe4 12. Ng3 Nf6 13. Qc2) 11. Bxd8 Nxd1 12. Rxd1 Kxd8 13. f3) ({RR} 9... O-O 10. f3 Nh5 11. Bf2) 10. Bxe7 Qxe7 {there have been many games here recently and Black results have been very solid.}) ({RR} 9. Qc2 Nh5 10. Bxe7 Qxe7) ({RR} 9. Nge2 Ne4 10. Bxe7 Nxc3 ({RR} 10... Qxe7 11. Bxe4 dxe4 12. Ng3 Nf6 13. Qc2) 11. Bxd8 Nxd1 12. Rxd1 Kxd8) ({RR} 9. Nf3) ({RR} 9. Nge2 Nh5 10. Bxe7 Qxe7 11. Qd2 Nb6 ({RR} 11... O-O 12. f3 ({RR} 12. O-O-O b5 13. Kb1 Nhf6 14. f3 Re8 15. e4 b4) ({RR} 12. O-O Re8 13. Rae1 Nf8 14. Nc1 Ne6 15. f3 b6 16. N1e2) 12... Re8 13. Kf2) 12. f3 ({RR} 12. O-O O-O 13. f3 Be6 14. b3 Rac8 15. Rac1 c5 16. dxc5 Rxc5 17. Nd4) 12... Bd7 13. O-O ({RR} 13. O-O-O O-O-O 14. Rhe1) 13... O-O ({RR} 13... O-O-O 14. a4) 14. g4 ({RR} 14. Rae1 f5 15. Nf4 ({RR} 15. b3) 15... Nxf4 16. exf4 Qf6 17. Re5) 14... Nf6 15. Ng3 ({RR} 15. Nf4 Ne8 16. Rae1 Nd6 17. e4 Qg5 18. Re2 dxe4 19. fxe4) 15... Ne8 16. Rae1 Nd6 17. e4 dxe4 18. fxe4 Ndc4 ({RR} 18... Bxg4 19. e5 Ndc4 20. Qg2) ({RR} 18... Rad8 19. e5 Nb5 20. Qg2 Qg5 ({RR} 20... Qb4 21. Nxb5 cxb5 22. Qe4 g6 23. Rf6) 21. Nxb5 cxb5 22. Nf5 Bxf5 23. Rxf5 Qe7 24. Re4) 19. Qc1 Bxg4 20. b3 Rad8 ({RR} 20... Na5 21. Rf4 Qd7 22. Kh1) ({RR} 20... Na3 21. e5) 21. Nf5 ({RR} 21. bxc4 Rxd4 22. Be2 Bh3 23. Rf2) 21... Bxf5 22. exf5 Qf6 23. Bxc4 Nxc4 {Mamedyarov,S (2766)-Adams,M (2751) Sharjah 2017 CBM 177 [Hillarp Persson,Tiger] 1-0 (43)}) ({RR} 9. Nf3 O-O 10. Qc2 Re8) 9... O-O ({RR} 9... Ne4 10. Bxe7 Nxc3 11. Bxd8 Nxd1 12. Rxd1 Kxd8 13. Ne2) ({RR} 9... Nh5 10. Bf2 Nb6 11. Nge2 O-O 12. O-O f5 13. Kh1 Be6 14. Rc1 Nc4 15. Qc2 Bg5 16. Nd1 Qe7 17. b3 Nd6 18. Re1 Bh4 19. g3 Bg5 20. Kg2 Qd7 21. Qd2 Rae8 22. Nb2 Be7 23. Bb1 g5 24. Nd3 {Samdanov,S (2294)-Punin,A (2289) chess.com INT 2026 0-1 (51)}) 10. Qc2 $146 {This is too slow. I wanted to avoid Black's idea of ...e4 but it's not necessary.} (10. Nge2 Ne4 ({Perhaps Black's best is to play like in the game} 10... b5 11. O-O Nb6 {but then White may have something better than 12.c2.}) ({RR} 10... Ne4 11. Bxe7 Nxc3 12. Bxd8 ({RR} 12. bxc3 Qxe7) 12... Nxd1 13. Rxd1 Rxd8 14. Kf2) ({RR} 10... Re8 11. O-O Nf8 12. Kh1 Ne6 13. Bc2 ({RR} 13. Qc2) ({RR} 13. a3) 13... Nf8 ({RR} 13... b6 14. Qd3 g6 15. e4) ({RR} 13... b5) 14. Qd3 Nh5 15. Bxe7 Qxe7 16. e4 dxe4 17. fxe4 Be6 18. e5 Rad8 19. Ne4 Bd5 20. N2c3 Qe6 21. Nxd5 cxd5 22. Nc5 Qc8 23. Qf3) 11. Bxe7 Nxc3 12. Bxd8 (12. bxc3 Qxe7) 12... Nxd1 13. Rxd1 Rxd8 14. Kf2 {I misjudged this position and thought it to be equal. In fact White has very pleasant play. His bishop is more active and his play on the kingside with g4-h4 comes very fast.}) ({RR} 10. Nge2 b5 11. O-O Nb6 ({RR} 11... b4 12. Na4 Nb6 13. Nc5 ({RR} 13. Rc1 Ng4 14. Bxe7 Qxe7 15. Nxb6 Nxe3 16. Qa4 Bf5 17. Nxa8 Bxd3 18. Rfe1 Bb5 19. Qa5 Nxg2) 13... Nfd7 14. Nxd7 Bxd7 15. Bf2 c5 16. dxc5 Bxc5 17. Rc1 Nc4 18. Bxc4 dxc4 19. Rxc4 Rc8 20. Nd4 Qg5) 12. Bf2 a5 ({RR} 12... b4 13. Na4 Nxa4 14. Qxa4 Qb6 15. Rfc1 ({RR} 15. a3) 15... Bd7 16. Qc2 Rfc8 17. Qd2 ({RR} 17. Bf5) 17... a5) ({RR} 12... Nc4 13. Qc2 Bd7 14. Rad1 Re8 15. Ng3) 13. Ng3 ({RR} 13. Nc1) 13... b4 14. Nce2 c5 15. dxc5 Bxc5 16. Rc1 Nbd7 17. Nd4 ({RR} 17. Nf4 Qb6 18. Re1 Re8 19. Bf5 Qd6 ({RR} 19... Rxe3 20. Rxc5 Rxe1+ 21. Qxe1 Nxc5 22. Nxd5) 20. Qd2) 17... Qb6 18. Re1 Re8 19. Bb1 ({RR} 19. Bc2 Nf8 20. Ba4 Bd7 21. Ngf5 h5) ({RR} 19. Ngf5 Ba6 20. g4 Bxd3 21. Qxd3 Ne5 22. Qe2 Bf8) 19... a4 20. Qc2 ({RR} 20. b3 a3 21. Qd2 Ba6 22. Bd3 Bxd3 23. Qxd3 Rac8 24. Nge2) 20... Ra5 ({RR} 20... g6 21. Qd2 Ba6 22. b3 axb3 23. axb3 Rac8 24. Nge2 Ne5 25. Nf4) 21. Nge2 Nf8 ({RR} 21... Ne5 22. Nf4 Bd7 23. Red1 ({RR} 23. Nd3 Nxd3 24. Qxd3 Raa8) 23... g6 24. b3 Rc8 25. Qe2 Re8) 22. Nf4 Bd7 23. Nd3 Bd6 24. Bg3 Bxg3 {Harikrishna,P (2750)-Adams,M (2747) Moscow 2017 CBM 179 [Hillarp Persson,Tiger] 1-0 (51)}) ({RR} 10. Bf2 c5 11. Nge2 cxd4 12. exd4 Nb6 13. O-O Bd6 14. Qb3 Be6 15. Rfe1 Qb8 16. Bg3 Nh5 17. Bxd6 Qxd6 18. Nb5 Qd8 19. g4 Nf6 20. Nf4 Bd7 21. Qb4 a6 22. Nd6 a5 23. Qa3 Bc6 24. Rac1 Qb8 {Garcia Palermo,C (2505)-Hoffman,A (2495) La Carlota 1995 0-1 (31)}) 10... b5 11. Nge2 Nb6 12. a3 {I regretted this move after I played it, and it doesn't look necessary.} (12. O-O Bd7 13. b3 {might be better. White doesn't have much, but he can slowly improve his position with f2-g3. Black can play 13...b4 though it doesn't give much after 14.d1.}) 12... a5 13. O-O Bd7 14. Nc1 ({I had intended} 14. e4 dxe4 15. fxe4 Ng4 16. Bxe7 Qxe7 {but then I realized that Black is just doing great here. c6-c5 is coming quick.}) 14... Nc4 {Because of my mistake on move 12, Michael managed to seize c4 firmly in his control.} 15. Re1 Be6 (15... Rc8 16. Nb3 {doesn't change much.}) 16. Nb3 Nd7 17. Bf2 {Avoiding any exchanges.} Rc8 (17... a4 18. Nc1 {still maintains equality.}) 18. Rad1 ({Here I missed my chance! I didn't think anything was happening in the position and I made a normal automatic move. However it was time for concrete action:} 18. a4 $1 b4 19. Ne2 c5 20. Nf4 cxd4 ({Best is} 20... Bd6 {White is still better after} 21. Qe2) 21. exd4 {and Black doesn't have a good way to exploit the open attack to my queen.}) 18... Qc7 ({If} 18... f5 {I think Michael was concerned by} 19. e4 fxe4 20. fxe4 dxe4 21. Nxe4 {when his bishops are vulnerable.}) 19. h3 {This looks too slow.} (19. e4 {is met by} a4 {when I have to retreat my knight or take on c4} 20. Bxc4 bxc4 21. Nd2 {White should be slightly better here.}) 19... Rfd8 20. f4 a4 ({We both missed the strong} 20... f5 {and now I can't take the pawn so that means Black solves all his problems.} 21. Bxf5 Bxf5 22. Qxf5 Nxb2 23. Qe6+ Kf8 $15) 21. f5 {I decided to have the consolation and win the bishop pair in an equal position.} (21. Nd2 Nxd2 22. Rxd2 Nf6 {Black's position on the kingside is solid enough while his counterplay of b5-b4 can be slowly prepared.}) 21... axb3 22. Qxb3 Bxf5 23. Bxf5 Rb8 {Perhaps Black had easier ways of getting good play here but Michael's choice is not bad.} 24. Qc2 {Missing another good chance.} (24. e4 b4 25. exd5 bxc3 26. Qxc4 {for some reason I forgot that the knight on c4 is hanging.}) 24... b4 25. axb4 Bxb4 26. Re2 Qa5 $6 {This is his first big mistake. Michael simply forgot about h4.} (26... Bd6 {with the idea of g3 maintains equality.}) 27. Bh4 f6 {Black's kingside weaknesses are not a pretty sight. Add to that Black's time trouble - it makes his problems insurmountable.} ({Of course} 27... g5 {is not an option, besides 28.e1 White has} 28. Rf1 {with the idea of} gxh4 29. Be6 $18) 28. Na4 ({This is good, but faster would be} 28. Ne4 Nf8 29. Nxf6+ gxf6 30. Bxf6 Rd6 31. Be7 {after capturing the d6 rook White will quickly play e4 after which Black's defence could collapse.}) 28... Nf8 29. Bd3 Nb6 (29... Nd6 $142 {to control the e4-square.}) 30. Nc3 {Still with my game plan: keep as many pieces as possible on the board to maintain the tension.} c5 31. dxc5 Bxc5 32. Kh1 Rbc8 (32... Nc4 {would have annoyed me as the knight on c4 is very active that I might exchange it} 33. Bxc4 dxc4 34. Nd5 {White still maintains some edge.}) (32... Kh8 {might be Black's best move.}) 33. Bf5 Rc6 34. e4 Bb4 (34... d4 35. e5) 35. e5 {A very annoying move to face during time trouble.} Be7 (35... Bxc3 36. bxc3 Rxc3 37. Qd2 Nc4 38. Qd4 $18) 36. Qb3 Qc5 $2 {This is the final mistake.} (36... Kh8 {is the last chance. Now I want to offer a trade of queens} 37. Qb5 {and after the exchange I will have to do some more work to try and win the ending.}) 37. exf6 Bxf6 38. Ne4 {Boom.} Qc4 39. Nxf6+ gxf6 40. Qg3+ Kf7 {Finally we both get another hour on the clock. Fortunately this time I am on the good side of life.} 41. Rde1 (41. Bg4 $18) 41... Qb4 42. Re7+ Qxe7 43. Rxe7+ Kxe7 44. Qg7+ Ke8 45. Bg4 {Michael Adams accompanied me on our rest day, when we were taken around Shamkir to perform simuls with Azerbaijani children in two different chess schools. Two very well equiped chess schools. In one very small town.  Shamkir is an amazing place with new and old side by side on every street. We toured a rose factory that produces hundreds of thousands of roses every week, for the Russian and Ukrainian markets; a day care school where children learned English, painting, dancing, crafting, swimming, cooking; a very well equipped, large convention center that housed a television studio, numerous computer stations and a library. We were also shown new agricultural developments that market tomatoes, cucumbers, greens and herbs of all kinds to Azerbaijan's neighbors.   I can tell you that Michael Adams is extremely polite and patient even when exhausted.} 1-0